Variation and evolution in plants / (Record no. 4626)

MARC details
000 -LEADER
fixed length control field 00568nam a22002057a 4500
001 - CONTROL NUMBER
control field BD-DhSAU 4626
003 - CONTROL NUMBER IDENTIFIER
control field BD-DhSAU
005 - DATE AND TIME OF LATEST TRANSACTION
control field 20150224140709.0
008 - FIXED-LENGTH DATA ELEMENTS--GENERAL INFORMATION
fixed length control field 150224b1950 ii a||||r|||| 001 0 eng d
040 ## - CATALOGING SOURCE
Original cataloging agency BD-DhSAU
082 ## - DEWEY DECIMAL CLASSIFICATION NUMBER
Edition number 22
Classification number 581.15
Item number STV
100 ## - MAIN ENTRY--PERSONAL NAME
Personal name JR, G Ledyard Stebbing
245 ## - TITLE STATEMENT
Title Variation and evolution in plants /
Statement of responsibility, etc. G Ledyard Stebbing JR
260 ## - PUBLICATION, DISTRIBUTION, ETC. (IMPRINT)
Place of publication, distribution, etc. Calcutta :
Name of publisher, distributor, etc. Oxford Book Co. ,
Date of publication, distribution, etc. c1950.
300 ## - PHYSICAL DESCRIPTION
Extent 643 p. :
Other physical details ill. ;
Dimensions 24 cm.
504 ## - BIBLIOGRAPHY, ETC. NOTE
Bibliography, etc Includes index.
590 ## - Name of Cataloguer
Name of Cataloger erfat
650 ## - SUBJECT ADDED ENTRY--TOPICAL TERM
Topical term or geographic name as entry element Plants.
650 ## - SUBJECT ADDED ENTRY--TOPICAL TERM
Topical term or geographic name as entry element Variation and evolution.
942 ## - ADDED ENTRY ELEMENTS (KOHA)
Source of classification or shelving scheme Dewey Decimal Classification
Koha item type Book
Holdings
Withdrawn status Lost status Source of classification or shelving scheme Damaged status Not for loan Home library Branch Name Shelving location Date acquired Source of acquisition Total Checkouts Full call number Barcode Date last seen Price effective from Koha item type Collection code
    Dewey Decimal Classification     SAU Library SAU Library General Stacks 24/02/2015 1978-07-24   581.15 STV 459 24/02/2015 24/02/2015 Book  
    Dewey Decimal Classification     SAU Library SAU Library General Stacks 24/02/2015 1978-07-24   581.15 STV 458 24/02/2015 24/02/2015 Book  
    Dewey Decimal Classification     SAU Library SAU Library General Stacks 24/02/2015 1978-07-24   581.15 STV 456 24/02/2015 24/02/2015 Book  
    Dewey Decimal Classification   Not For Loan SAU Library SAU Library Reference 22/01/2007     581.15 STV 32223 19/04/2015 19/04/2015 Book Reference
    Dewey Decimal Classification   Not For Loan SAU Library SAU Library Reference 19/06/1978     581.15 STV 455 25/04/2015 25/04/2015 Book Reference
    Dewey Decimal Classification     SAU Library SAU Library General Stacks 19/06/1978     581.15 STV 457 18/07/2015 18/07/2015 Book